000 00292nam a22001337a 4500
008 170921b xxu||||| |||| 00| 0 eng d
020 _a9780066210704
041 _aeng
080 _a78
100 _a45
101 _aMUZ
245 _aTHE MUSIC OF THE PRIMES
_cSAUTOY,M.D
942 _2udc
_cBK
999 _c28884
_d28884